|
|
|
|
| LEADER |
00865cam a2200229 7i4500 |
| 001 |
0000000297 |
| 005 |
20170608090000.0 |
| 020 |
|
|
|a 9789678912655 (pbk.)
|
| 020 |
|
|
|a 9678912651 (pbk.)
|
| 090 |
0 |
0 |
|a DS596
|b .M67 2003
|
| 245 |
0 |
0 |
|a Malaysia kita :
|b panduan dan rujukan untuk peperiksaan am kerajaan.
|
| 260 |
|
|
|a Selangor:
|b ILBS,
|c 2003.
|
| 300 |
|
|
|a 599 p.:
|b ill.;
|c 23 cm.
|
| 651 |
|
0 |
|a Malaysia --
|x Social conditions
|
| 651 |
|
0 |
|a Malaysia --
|x Economic conditions
|
| 651 |
|
0 |
|a Malaysia --
|x History
|
| 651 |
|
0 |
|a Malaysia --
|x Politics and government
|
| 997 |
|
|
|a Education & Social Sciences, Faculty
|b Education, Department
|
| 998 |
|
|
|a University compulsory
|
| 999 |
|
|
|a 0000005911
|b BOK
|c OPEN SHELF
|e 1st Floor, Bestari Jaya
|
| 999 |
|
|
|a 0000010251
|b BOK
|c OPEN SHELF
|e 1st Floor, Shah Alam
|
| 999 |
|
|
|a 0000010347
|b BOK
|c OPEN SHELF
|e 1st Floor, Bestari Jaya
|